000 01221cam a22002651i 4500
003 SA-RiAUC
005 20251228063806.0
008 251123s1949 sy g b 000 0dara c
040 _aSA-JeALM
_bara
_cSA-RiAUC
_erda
082 0 4 _a253.902
_qSA-RiAUC
090 _a253.902
_bك ت ا
245 0 0 _aكتاب وقف القاضي عثمان بن أسعد بن المنجا الحنبلي /
_cنشره وقدم له وعلق عليه صلاح الدين المنجد.
246 3 0 _aوقف القاضي عثمان بن أسعد بن المنجي الحنبلي
264 1 _aدمشق :
_bالمعهد العلمي الفرنسي للدراسات العربية،
_c1949
300 _a46 صفحة ؛
_c24 سم
336 _aنص
_btxt
_2rdacontent
_3كتاب
337 _aبدون وسيط
_bn
_2rdamedia
338 _aمجلد
_bnc
_2rdacarrier
500 _aيشتمل على كشافات.
504 _aببليوجرافية : صفحة 12.
600 1 7 _aابن المنجي، المنجي بن عثمان بن أسعد،
_d631-695 هجري
_2aucnm
700 1 _aالمنجد، صلاح الدين بن عبد الله،
_d1920-2010
_eمقدم.
942 _2ddc
_cBOOK
_n0
949 _aSA-JeALM
_d251123
_umohamedma123
_n1
999 _c13726
_d13726